Veľké Úľany mapa obce.

Uložené v:
Podrobná bibliografia
Médium: Mapa
Jazyk:Slovak
Hungarian
Vydané: Senec : Sinex, 2008.
Vydanie:[1. vyd.]
Témy:
ISBN: 9788089198597 (brož.)
Fyzický popis: 1 mapa : fareb. ; 52 x 71 cm zlož. na 26 x 11 cm.
Tagy: Pridať tag
Žiadne tagy, Buďte prvý kto otaguje tento záznam!

MARC

LEADER 00000nem a2200000 a 4500
001 000340708
005 20081212092516.0
008 081001s2008 xo a 1 slo d
020 |a 9788089198597 (brož.) 
040 |a SVKKK  |b slo  |c SVKKK  |e AACR2 
041 0 |a slo  |a hun 
043 |a e-xo--- 
044 |a xo  |c SK 
072 7 |a 913(4)  |x Geografia Európy, reálie, cestovanie  |2 konspekt 
080 |a 913(437.6)  |2 2001 
080 |a 912.43:911.375  |2 2001 
080 |a (084.3)  |2 2001 
245 0 0 |a Veľké Úľany  |h kartografický dokument :  |b mapa obce. 
250 |a [1. vyd.] 
255 |a Mierka 1:18 000 
260 |a Senec :  |b Sinex,  |c 2008. 
300 |a 1 mapa :  |b fareb. ;  |c 52 x 71 cm zlož. na 26 x 11 cm. 
500 |a Obsahuje mierku, fotogr., reklam. materiál 
504 |a Register ulíc; register firiem 
546 |a Súbežný text maď. 
651 7 |a Veľké Úľany (Slovensko)  |2 SVKKKPH 
655 7 |a plány miest  |2 SVKKKPH 
910 |a svkkk 
919 |a 978-8089198-59-7 
998 |a MP 
090 |g SCKHL  |k Sklad Hlavná 10 prízemie  |a V.220665  |j 1002423  |i 2720115770  |s Absenčne